000 00251nam a2200097Ia 4500
001 699482
005 20250826162111.0
008 250824s9999 xx 000 0 und d
245 0 _aHANIMIN ÇİFTLİĞİ 2/O.KEMAL/EVEREST
_cORHAN KEMAL
260 _bEVEREST
999 _c699482
_d699482